|
|
|
|
| LEADER |
01883nam a2200289 u 4500 |
| 001 |
10000363 |
| 003 |
GR-PaULI |
| 005 |
20250401134345.0 |
| 008 |
881025s1960 gr gre |
| 040 |
|
|
|a GR-PaULI
|c GR-PaULI
|b gre
|e AACR2
|
| 082 |
0 |
4 |
|a 155.5
|2 23
|
| 100 |
1 |
|
|a Ασπιώτης, Αριστείδης Α.,
|d 1910-1983
|e συγγραφέας.
|9 42355
|
| 245 |
1 |
0 |
|a Από τα ψυχολογικά προβλήματα του εφήβου /
|c Αρ. Α. Ασπιώτη.
|
| 250 |
|
|
|a 2η έκδ.
|
| 260 |
|
|
|a Αθήναι :
|b Ινστιτούτο Ιατρικής Ψυχολογίας και Ψυχικής Υγιεινής,
|c 1960.
|
| 300 |
|
|
|a 8 τ. ;
|c 23 εκ.
|
| 490 |
1 |
|
|a Ψυχολογία και ζωή
|v 5
|
| 500 |
|
|
|a -- τ. 4. - 140 σ. - 1960.
|
| 504 |
|
|
|a Περιέχει βιβλιογραφικές παραπομπές
|
| 505 |
0 |
|
|a τ.1. Η κρίσις της εφηβικής ηλικίας -- τ.2. Ο επαγγελματικός προσανατολισμός -- τ. 3. Ο έφηβος και η οικογένεια -- τ. 4. Τα αισθήματα μειονεκτικότητος -- τ.5. Ο έφηβος και η κοινωνία -- τ. 6. Η υγεία, η ασθένεια και η ψυχή του εφήβου -- τ.7. Ο έφηβος και η παιδεία -- τ.8. Ο έφηβος και η θρησκευτική ζωή.
|a
|a
|
| 650 |
|
4 |
|a Εφηβεία
|9 37096
|
| 650 |
|
4 |
|a Εφηβική ψυχολογία
|9 170
|
| 830 |
|
0 |
|a Ψυχολογία και ζωή (Ινστιτούτο Ιατρικής Ψυχολογίας και Ψυχικής Υγιεινής)
|v 5
|9 163888
|
| 942 |
|
|
|2 ddc
|c BK
|
| 952 |
|
|
|0 0
|1 0
|2 ddc
|3 τ.4
|4 0
|6 155_500000000000000_AΣΠ
|7 0
|9 219387
|a LISP
|b LISP
|c BSC
|d 2018-01-29
|i 00549
|l 1
|o 155.5 AΣΠ
|p 025000093269
|r 2018-11-14 00:00:00
|s 2018-11-06
|t 1
|y BK15
|
| 998 |
|
|
|c ΜΠΟΥΡΑΣ
|d 2018-01
|
| 999 |
|
|
|c 132751
|d 132751
|